000 00562nam a2200193Ia 4500
005 20260120131803.0
008 008 260114s9999 xx 000 0 eng d
020 _a9780197729915
037 _aEBOOK
040 _aCRL
_beng
_cCRL
041 _aeng
_2eng
084 _qCRL
100 _aBurgess-Jackson
_9931194
245 2 _aA Most Detestable Crime New Philosophical Essays on Rape
260 _bOxford University PressOxford University Press
_c2023
856 _uhttps://academic.oup.com/book/49677
942 _cEBOOK
999 _c1523116
_d1523116